Pohronský tlačiar časopis zamestnancov Pohronských tlačiarní, národného podniku v Banskej Bystrici

Bibliographic Details
Format: Journal
Language:Slovak
PhysicalDescription:3 zv. 30 cm
Published: Banská Bystrica Pohronské tlačiarne 1953-1955
Subjects:

MARC

LEADER 00000cas a2200000 a 4500
001 vtls010301934
003 SK-MaSNL
005 20260228162601.0
008 110810d19531955xo mr|p 0 b0slo
035 |a (SVKBB03)vtls000137895 
040 |a SNK  |b slo  |c SNK  |e AACR2 
041 0 |a slo 
044 |a xo  |c SK 
072 7 |a 655  |x Polygrafia. Vydavateľstvá a knižný obchod  |2 konspekt 
080 |a 665.15  |2 2001 
080 |a 050  |2 2001 
245 0 0 |a Pohronský tlačiar  |b časopis zamestnancov Pohronských tlačiarní, národného podniku v Banskej Bystrici 
260 |a Banská Bystrica  |b Pohronské tlačiarne  |c 1953-1955 
300 |a 3 zv.  |c 30 cm 
310 |a 1x mesačne 
362 0 |a Roč. I, č. 1 (31. júla 1953)-roč. III, č. 2-3 (15. júna 1955) 
500 |a Vyd. ZO KSS, ZS ROH a ZS ČSM Pohronských tlačiarní, n. p. v Banskej Bystrici 
500 |a Red.: Karol Penkala 
610 2 7 |a Pohronské tlačiarne (Banská Bystrica, Slovensko)  |2 SNKKA  |9 205840 
650 0 7 |a polygrafia  |2 SNKPH  |9 31181 
655 7 |a podnikové periodiká  |2 SNKPH  |9 132333 
910 |a snk 
916 |a 1953-1955 
958 |a OND 
999 |c 8087  |d 10017 
952 |0 0  |1 0  |4 0  |7 0  |a SNK  |b SNK  |d 2015-10-13  |f 1  |i snkII. 1326/54  |l 0  |o snkČSB 1402/1/1953  |p 17A0706834  |r 2026-02-21 20:53:21  |t č. 1-6  |w 2026-02-21  |y PREZ 
952 |0 0  |1 0  |4 0  |7 0  |a SNK  |b SNK  |d 2015-10-13  |f 1  |i snkII. 2162/55  |l 0  |o snkČSB 1402/2/1954  |p 17A0706833  |r 2026-02-21 20:53:21  |t č. 1-12, neúplné  |w 2026-02-21  |y PREZ  |z Chýba č. 3 
952 |0 0  |1 0  |4 0  |7 0  |a SNK  |b SNK  |d 2015-10-13  |f 1  |i snkČSP 829/57  |l 0  |o snkČSB 1402/3/1955  |p 17A0706832  |r 2026-02-21 20:53:21  |t č. 1-3  |w 2026-02-21  |y PREZ